№ 3 : Приложение; Квант; "Квант" для младших школьников. Математика 6-8

গ্রন্থ-পঞ্জীর বিবরন
Parent link:Квант: научно-популярный физико-математический журнал/ Российская академия наук (РАН). № 3 : Приложение.— , 1979-.— 0130-2221
ভাষা:রুশ
প্রকাশিত: 1998
TOC:сост. С. И. Токарев, "Квант" для младших школьников. Математика 6-8;
বিষয়গুলি:
বিন্যাস: গ্রন্থ
KOHA link:https://koha.lib.tpu.ru/cgi-bin/koha/opac-detail.pl?biblionumber=484490

MARC

LEADER 00000nam2a2200000 4500
001 484490
005 20231102015755.0
035 |a (RuTPU)RU\TPU\prd\152136 
035 |a RU\TPU\prd\152135 
090 |a 484490 
100 |a 20120920a19989999k y0rusy50 ca 
101 0 |a rus 
102 |a RU 
200 0 |a № 3 : Приложение 
210 |d 1998 
461 1 |0 (RuTPU)RU\TPU\prd\1524  |x 0130-2221  |t Квант  |o научно-популярный физико-математический журнал  |f Российская академия наук (РАН)  |v № 3 : Приложение  |d 1979- 
464 |t "Квант" для младших школьников. Математика 6-8  |f сост. С. И. Токарев  |d 1998  |p 128 с.  |s Приложение к журналу "Квант" 
600 1 |a Верн  |b Ж.  |c французский писатель  |f 1828-1905  |g Жюль  |2 stltpush  |3 (RuTPU)RU\TPU\pers\20608  |9 8348 
600 1 |a Паскаль  |g Блез  |f 1623-1662  |b Б.  |c французский математик  |c физик  |c христианский философ  |c писатель  |2 stltpush  |3 (RuTPU)RU\TPU\pers\254 
610 1 |a арифметика 
610 1 |a делимость 
610 1 |a числа 
610 1 |a дроби 
610 1 |a задачи 
610 1 |a криптограммы 
610 1 |a двоичная система 
801 0 |a RU  |b 63413507  |c 20010227  |g PSBO 
801 1 |a RU  |b 63413507  |c 20020409  |g PSBO 
801 2 |a RU  |b 63413507  |c 20170614  |g PSBO 
942 |c BK 
999 |a НТБ_ТПУ  |b НФ  |e -4/20120110  |p П-9068  |u 0,00  |v 1